| 000 | 00781cam a2200253 4500 | ||
|---|---|---|---|
| 001 | WB3616-28 | ||
| 008 | 000000n2000 000 0 eng u | ||
| 035 | _a(Sirsi) u105550 | ||
| 245 | _aWould be landlords close in | ||
| 260 | _c2000 | ||
| 490 |
_aIndependent on Sunday _vBusiness 23 April 2000, 3(1) |
||
| 520 | _aReports on the competition to win the PFI project to run the 750 properties of the Inland Revenue and Customs and Excise. | ||
| 590 | _aWB | ||
| 650 | _aINLAND REVENUE | ||
| 650 | _aCUSTOMS & EXCISE | ||
| 650 | _aGOVERNMENT BUILDINGS | ||
| 650 | _aPFI | ||
| 650 | _aPRIVATE FINANCE INITIATIVE | ||
| 650 | _aNOMURA | ||
| 650 | _aGOLDMAN SACHS | ||
| 650 | _aTRILLIUM | ||
| 690 | _aMANAGEMENT-BUSINESS MANAGEMENT-FINANCIAL MANAGEMENT | ||
| 942 | _n0 | ||
| 999 |
_c63242 _d63242 |
||